Haack Atlas zur Zeitgeschichte

Saved in:
Bibliographic Details
Format: Book
Language:German
Published: Gotha Haack 1985
Edition:1. ed.
Tags: Add Tag
No Tags, Be the first to tag this record!

MARC

LEADER 00000nam a2200000 4500
001 c038187
005 20221220075433.7
041 0 |a ger 
044 |a DE 
245 1 0 |a Haack Atlas zur Zeitgeschichte 
250 |a 1. ed. 
264 1 |a Gotha  |b Haack  |c 1985 
300 |a 73 s.